| 000 | 00631nam a2200241 a 4500 | ||
|---|---|---|---|
| 001 | 0001-1193 | ||
| 003 | ELIB.Books | ||
| 008 | 150513 2010 eng | ||
| 020 | _aR | ||
| 035 | _a(ELIB.Books)0001-1348 | ||
| 092 |
_a263.042 _bPea |
||
| 100 | _aPeale, Norman Vincent | ||
| 245 | _aAdventures in the Holy Land | ||
| 260 |
_aEnglewood Cliffs _bPrentice Hall, Inc. _c1963 |
||
| 300 |
_a176 _c25 Cm |
||
| 500 | _aC/o Moe Lwei | ||
| 650 | _aHoly Places | ||
| 856 |
_nKBTS: Library _uKBTS: Elib |
||
| 942 |
_2ddc _cBK |
||
| 990 | _a1 | ||
| 998 |
_cbat _e2015-05-13 |
||
| 999 |
_c11193 _d11193 |
||